Capitals That Aren't the Largest City - Sudden Death - Statistics

General Stats
  • This quiz has been taken 1,909 times
    1,305 since last reset
  • The average score is 11 of 19
Answers on the Grid
Answers color-coded by a green-red scale on the quiz's grid according to % correct below.
Abu Dhabi
Abuja
Ankara
Beijing
Belmopan
Bern
Brasília
Canberra
Caracas
Dodoma
Gaborone
Islamabad
Kabul
Kyiv
Ljubljana
London
Madrid
Naypyidaw
Ngerulmud
Nicosia
Ottawa
Ouagadougou
Port Moresby
Pyongyang
Quito
Rabat
Washington, D.C.
Wellington
Yamoussoukro
Yaoundé
 
Answer Stats
Answer % Correct
Ankara
85%
Brasília
83%
Canberra
82%
Washington, D.C.
81%
Bern
80%
Ottawa
77%
Abu Dhabi
74%
Beijing
71%
Wellington
65%
Abuja
61%
Islamabad
60%
Rabat
60%
Dodoma
40%
Naypyidaw
40%
Belmopan
33%
Yamoussoukro
33%
Quito
29%
Ngerulmud
26%
Yaoundé
25%
No matching quizzes found
Score Distribution
Percent of People with Each Score
Percentile by Number Answered
Your Score History
You have not taken this quiz since the last reset